| 000 | 00840nam a22002777a 4500 | ||
|---|---|---|---|
| 005 | 20260317171225.0 | ||
| 008 | 260317b |||||||| |||| 00| 0 eng d | ||
| 020 | _a9789386456915 | ||
| 037 | _cTB | ||
| 040 |
_aLCT _cLCT |
||
| 041 |
_2hin _ahin _hhin |
||
| 084 | _aZ(V:57) Q8 | ||
| 100 |
_a Nanda, Sukanta K. _9811329 |
||
| 245 | _aMedia Vidhi =Media Law (in Hindi)/ | ||
| 260 |
_aPrayagraj (Allahabad), India: _bCentral Law Agency, _c2018 |
||
| 300 | _axxiv, 364p. | ||
| 365 |
_b300 _cINR |
||
| 650 |
_aMedia Law _9705309 |
||
| 650 |
_aRights Of Publicity _9747574 |
||
| 650 |
_a Broadcasting _9747575 |
||
| 650 |
_a Hate Speech _9747576 |
||
| 650 |
_aInternet Revolution _9747577 |
||
| 650 |
_aRight To Privacy _9747578 |
||
| 650 |
_adigital media _9583256 |
||
| 942 |
_2CC _cTB _hZ(V:57) Q8 _n0 |
||
| 999 |
_c1715638 _d1715638 |
||